LEADER 01255nam a2200325 u 4500 001 000000059552 003 CaOOAMICUS 005 20070226120819.0 008 010703s1997 it u000 u ita u 020 $a8818701894 035 $a10895042 040 $aPUL(R)$bita 041 1 $aita$afre 100 1 $aDescartes, René,$d1596-1650.$0(OLS)http://pul/name/6016 245 10$aDiscorso sul metodo /$cCartesio ; introduzione, traduzione note e apparati di Lucia Urbani Ulivi. 260 $aMilano :$bRusconi,$c1997. 300 $a282 p. ;$c21 cm 490 1 $aTesti a fronte ;$v44 500 $aTesto francese a fronte. 504 $aBibliografia: [271]-276. 700 1 $aUrbani Ulivi, Lucia.$0(OLS)http://pul/name/5616 830 0$aTesti a fronte ;$v44.$0(OLS)http://pul/title/7181 850 $aPUL 852 $aPUL$W1$xSL Filosofia 2$y80$mPhil A2 44$j77647$nBK-PRI$b $qStampati altre collocazioni$B77647$CPULBib$Z2$F77647 $H $81 900 $aCartesio,$d1596-1650$96016 941 1 $a10 961 $aINV: 78010 996 $6020$a8818701894$9(OLS)http://pul/number/76005 996 $6245$aDiscorso sul metodo$9(OLS)http://pul/title/79725 996 $6260$aMilano :$bRusconi$9(OLS)http://pul/publisher/47863 LEADER 01446nam a2200325 a 4500 001 000000150746 003 CaOOAMICUS 005 20160322135310.0 008 160322s1989 xxc u000 u fre r 020 $a289007673-3 (Bellarmin)* 020 $a220402561-5 (Cerf)* 032 $aLibriCat 040 $aPUL$bita 100 1 $aBlanchette, Claude.$0(OLS)http://pul/name/95941 245 10$aPénitence et Eucharistie :$bdossier d'une question controversée /$cClaude Blanchette. 260 $aMontréal :$bEditions Bellarmin ;$aParis :$bLes Éditions du Cerf,$c1989. 300 $a336 p. ;$c25 cm. 490 1 $aRecherches.$aNouvelle série ;$v21 504 $aBibliografia in nota. 650 4$aSacramenti.$0(OLS)http://pul/subject/763 830 0$aRecherches.$nNouvelle série ;$v21.$0(OLS)http://pul/title/76643 850 $aPUL 852 $aPUL$W1$xDP1 Fondo Bordoni$y120$m3 N 69$j168153$qFondi$B175335$CPULBib$Z2$F175335 $HBor1201 $81 941 1 $a1 996 $6020$a289007673-3 (Bellarmin)*$9(OLS)http://pul/number/160141 996 $6020$a220402561-5 (Cerf)*$9(OLS)http://pul/number/160142 996 $6245$aPénitence et Eucharistie :$bdossier d'une question controversée$9(OLS)http://pul/title/189907 996 $6260$aMontréal :$bEditions Bellarmin$9(OLS)http://pul/publisher/57826 996 $6260$aParis :$bLes Éditions du Cerf$9(OLS)http://pul/publisher/47861